000 00732cam a2200205 i 4500
005 20251214102336.0
008 250721s2001 xx 000 0 ara d
082 1 4 _a216.532
_bر ز ق
100 1 _aأبو رزق، حليمة علي
_eمؤلف.
245 1 0 _aمسؤولية الأم المسلمة في تربية البنت في مرحلة الطفولة /
_cالدكتورة حليمه علي ابو رزق.
250 _aالطبعة الاولى.
264 3 1 _aعمان :
_bدار المناهج،
_c2001.
300 _a512صفحة.
650 1 7 _aالتربية.
650 1 7 _aالأبناء.
650 1 7 _aالمرأة المسلمة.
650 1 7 _aالإسلام.
942 _2ddc
_cBK
999 _c32296
_d32296